000
00503nam a2200181Ia 4500
008
100917s9999 xx 000 0 und d
082
_b
38435
100
_a
वाड विजया
245
_a
अ्रशरण
260
_b
हेमचंद्र प्रकाशन संस्था
_c
1979
300
_a
162
365
_b
15
520
_a
कादंबरी
630
_a
अ्रशरण
650
_a
कादंबरी
730
_a
अ्रशरण
942
_c
BOOK
999
_c
643829
_d
643826